| 000 | 00650nam a2200205Ii 4500 | ||
|---|---|---|---|
| 003 | JO-AjNU | ||
| 008 | 230605s9999||||xx |||||||||||||| ||und|| | ||
| 040 |
_aJO-AjNU _bara _erda _cJO-AjNU |
||
| 041 | _aara | ||
| 050 | 1 | 4 | _aBL2747.8.1979 |
| 100 | 3 |
_aعبد الحكيم،شوقي, _eauthor _919985 |
|
| 245 | 0 | 0 | _aعلمنة الدولة وعقلنة التراث العربي |
| 250 | _aط1 | ||
| 264 | 3 | 1 | _aبيروت:دار العودة ، 1979 |
| 300 | _a99ص | ||
| 336 |
_atext _btxt _2rdacontent |
||
| 337 |
_aunmediated _bn _2rdamedia |
||
| 338 |
_avolume _bnc _2rdacarrier |
||
| 650 | 4 |
_aالعلمانية-التراث العربي _919986 |
|
| 999 |
_aA6694 _c10262 _d10262 |
||